000 00374pam a2200157 a 4500
020 _c
041 _h
082 _a618.2
_bDAW
100 _aDAWN, C .
245 _aTEXT BOOK OF OBESTETRICS & NEONATOLOGY /
_cNULL.
_hTextual Documents
250 _a16 /
_b.
260 _aNULL :
_bDAWN BOOKS ,
_c2004.
300 _a436 ;
_cA4.
930 _a163
999 _c794699
_d794699
650 _aOBST.GYNE